| 000 | 00390 a2200169 4500 | ||
|---|---|---|---|
| 001 | 189180 | ||
| 020 | _a978-85-08-11934-9 | ||
| 040 | _cMagnum | ||
| 100 | _aDante, Luiz Roberto | ||
| 240 | 1 | 0 |
_aMatemática: contexto e aplicações _lpor |
| 245 | 1 | 0 | _aMatemática: contexto e aplicações |
| 300 | _a76 | ||
| 362 | 0 | _a2010 | |
| 440 | 1 | _aÁtica | |
| 697 | _aMATEMÁTICA | ||
| 942 | _cBK | ||
| 999 |
_c189180 _d189180 |
||